| 000 | 00672cam a2200241 a 4500 | ||
|---|---|---|---|
| 001 | 3952159 | ||
| 005 | 20180313094931.0 | ||
| 008 | 930826s1992 nyu d 000 0 eng | ||
| 010 | _a 93197350 | ||
| 020 | _a093389564X | ||
| 035 | _a(OCoLC) | ||
| 040 |
_aDLC _cDLC _dDLC |
||
| 041 | _aeng | ||
| 080 | _a423 WES | ||
| 082 | 0 | 0 |
_a423 WES _220 |
| 100 | _a23 | ||
| 101 | _aFJA | ||
| 245 | 0 | 0 | _aNew Webster's dictionary and Roget's thesaurus. |
| 740 | 0 | _aWebster's dictionary and thesaurus. | |
| 906 |
_a7 _bcbc _corignew _d2 _encip _f19 _gy-gencatlg |
||
| 942 |
_2ddc _cBK |
||
| 999 |
_c44914 _d44914 |
||